01014nam a2200241 a 4500001001000000003000500010005001700015008004100032010001100073011001100084040000900095100003100104245017900135260004100314500006000355502013300415650002300548650002900571650002900600650003600629650003700665856007000702000111829CHAP20220329144231.0150922s2015 mx a fsm |||||||spa d a108290 a109262 cCHAP1 aEspinal Montes, Verónica10aModelación del ambiente de un invernadero con y sin sistema de calefacción mediante Dinámica de Fluidos Computacional 3D /h[En línea]cpor Verónica Espinal Montes. aChapingo, Méx. :bEl autor,c2015. aPara ver el contenido del material haga clic en la liga aTesis (Ph.D. en Ingeniería Agrícola y Uso Integral del Agua) -- UACH. Departamento de Ingeniería Mecánica y Irrigación14aControl ambiental.14aCultivos en invernadero.14aDinámica de fluídos.14aInvernaderosxAutomatización.14aTomatexCultivos en invernadero. aFinding aiduhttp://10.13.5.2/tesis/sist111829.pdfzTeclea aquí